<?xml version="1.0" encoding="UTF-8"?>
<record
    xmlns:xsi="http://www.w3.org/2001/XMLSchema-instance"
    xsi:schemaLocation="http://www.loc.gov/MARC21/slim http://www.loc.gov/standards/marcxml/schema/MARC21slim.xsd"
    xmlns="http://www.loc.gov/MARC21/slim">

  <leader>00668nam a22001937a 4500</leader>
  <datafield tag="999" ind1=" " ind2=" ">
    <subfield code="c">105041</subfield>
    <subfield code="d">105041</subfield>
  </datafield>
  <controlfield tag="005">20230410121533.0</controlfield>
  <datafield tag="010" ind1=" " ind2=" ">
    <subfield code="a">UR-9572</subfield>
  </datafield>
  <datafield tag="020" ind1=" " ind2=" ">
    <subfield code="a">9789383533275</subfield>
    <subfield code="c">208.00</subfield>
  </datafield>
  <datafield tag="035" ind1=" " ind2=" ">
    <subfield code="a">U-8127</subfield>
  </datafield>
  <datafield tag="037" ind1=" " ind2=" ">
    <subfield code="b">DBAD/PUB</subfield>
  </datafield>
  <datafield tag="082" ind1=" " ind2=" ">
    <subfield code="a">840.8</subfield>
  </datafield>
  <datafield tag="100" ind1=" " ind2=" ">
    <subfield code="a">&#x633;&#x6CC;&#x62F; &#x631;&#x634;&#x6CC;&#x62F; &#x627;&#x62D;&#x645;&#x62F; </subfield>
  </datafield>
  <datafield tag="245" ind1=" " ind2=" ">
    <subfield code="a">&#x633;&#x6CC;&#x62F; &#x639;&#x627;&#x628;&#x62F; &#x62D;&#x633;&#x6CC;&#x646; : &#x627;  &#x6CC;&#x6A9; &#x627; &#x62F;&#x6CC;&#x628; &#x60C;&#x627; &#x6CC;&#x6A9; &#x645;&#x641;&#x6A9;&#x631; / </subfield>
    <subfield code="c">&#x633;&#x6CC;&#x62F; &#x631;&#x634;&#x6CC;&#x62F; &#x627;&#x62D;&#x645;&#x62F; </subfield>
  </datafield>
  <datafield tag="246" ind1=" " ind2=" ">
    <subfield code="a">Syed Abid Hussain : Ek Adeeb Ek Mufakkir /</subfield>
    <subfield code="b">by Syed Rashid Ahmad </subfield>
  </datafield>
  <datafield tag="260" ind1=" " ind2=" ">
    <subfield code="a">&#x67E;&#x679;&#x646;&#x6C1; </subfield>
    <subfield code="b">&#x627; &#x631; &#x645; &#x67E;&#x628;&#x644;&#x634;&#x646;&#x6AF; &#x6C1;&#x627; &#x648; &#x633; </subfield>
    <subfield code="c">2016 &#x6C1;</subfield>
  </datafield>
  <datafield tag="270" ind1=" " ind2=" ">
    <subfield code="a">&#x62F;&#x631; &#x6CC;&#x627; &#x67E;&#x648; &#x631;</subfield>
    <subfield code="b">&#x67E;&#x679;&#x646;&#x6C1; </subfield>
    <subfield code="e">4 </subfield>
  </datafield>
  <datafield tag="300" ind1=" " ind2=" ">
    <subfield code="a">344 &#x635;</subfield>
    <subfield code="c">22cm(Hb)</subfield>
  </datafield>
  <datafield tag="942" ind1=" " ind2=" ">
    <subfield code="2">ddc</subfield>
    <subfield code="c">UR</subfield>
    <subfield code="h">840.8</subfield>
    <subfield code="m">&#x633; &#x6CC; &#x62F; </subfield>
  </datafield>
  <datafield tag="952" ind1=" " ind2=" ">
    <subfield code="0">0</subfield>
    <subfield code="1">0</subfield>
    <subfield code="4">0</subfield>
    <subfield code="7">0</subfield>
    <subfield code="8">NFIC</subfield>
    <subfield code="a">ZLS</subfield>
    <subfield code="b">ZLS</subfield>
    <subfield code="d">2016-12-08</subfield>
    <subfield code="e">DBAD/PUB</subfield>
    <subfield code="g">208.00</subfield>
    <subfield code="l">0</subfield>
    <subfield code="o">840.8 &#x633; &#x6CC; &#x62F;</subfield>
    <subfield code="p">U-8127</subfield>
    <subfield code="r">2016-12-08 00:00:00</subfield>
    <subfield code="t">1</subfield>
    <subfield code="v">208.00</subfield>
    <subfield code="y">UR</subfield>
  </datafield>
</record>
